00681nam a2200181Ia 450000500170000000800410001702000130005804000190007104100120009008200160010224502130011826000400033130000230037150400190039465000480041370000280046185000100048920230605143733.0131103s9999 xx 000 0 und d a60690081 aLoreto College aEnglish a808.88bWAL 4aThe Treasure chestb a heritage album containing 1064 familiar and inspiration quotations, poems, sentiments and prayers from great minds of 2500 cedited by Charles L. Wallis; photography by Catherine Hokins aCambridgebHarper and Row Pubc1965 aviii,248 p.b ill. aIncludes index aEnglish Literature - Miscellaneous Writings aWallis, Charles L., ed. aLCLIB